000 01060nac a22003011i 4500
003 EG-ScBUE
005 20250806094948.0
008 250720t2006 nyua f b 001 0 eng d
020 _a0716776952
020 _a9780716776956
040 _aEG-ScBUE
_beng
_erda
_cEG-ScBUE
_dEG-ScBUE
082 0 4 _a546
_bRAY
_222
100 1 _aRayner-Canham, Geoffrey,
_eauthor.
245 1 0 _aDescriptive inorganic chemistry /
_cGeoff Rayner-Canham, Sir Wilfred Grenfell College, Memorial University, Tina Overton, University of Hull.
250 _aFourth edition.
264 1 _aNew York :
_bW. H. Freeman and Company,
_c[2006]
264 4 _cc2006
300 _a1 volume (various pagings) :
_billustrations ;
_c26 cm
336 _2rdacontent
_atext
_btxt
337 _aunmediated
_2rdamedia
_bn
338 _avolume
_bnc
_2rdacarrier
500 _aIncludes Appendices.
504 _aIncludes bibliographical references and index.
650 7 _aChemistry, Inorganic
_vTextbooks.
_2BUEsh
655 _vReading book
700 1 _aOverton, Tina,
_eauthor.
942 _cBB
_2ddc
999 _c2093
_d2093